HIGH COURT CRIMINAL SESSION NO.163 OF 1974 Uganda Vs Emmanuel Kabuleta s/o Matiya Sepuya (Record no. 7884)

MARC details
000 -LEADER
fixed length control field 00455nam a22001097a 4500
008 - FIXED-LENGTH DATA ELEMENTS--GENERAL INFORMATION
fixed length control field 150716b xxu||||| |||| 00| 0 eng d
010 ## - LIBRARY OF CONGRESS CONTROL NUMBER
Field link and sequence number HCCRS ARF:030
245 ## - TITLE STATEMENT
Title HIGH COURT CRIMINAL SESSION NO.163 OF 1974 Uganda Vs Emmanuel Kabuleta s/o Matiya Sepuya
260 ## - PUBLICATION, DISTRIBUTION, ETC. (IMPRINT)
Place of publication, distribution, etc High Court Kampala
500 ## - GENERAL NOTE
Materials specified (At the Session holden at Kampala on the 4th day of July ,1974 before A.N.Karokora,Esq.,Mag.Grade 1)
500 ## - GENERAL NOTE
Materials specified BEFORE:The Honourable Mr.Justice D.L.K.Lubogo
Holdings
Withdrawn status Lost status Source of classification or shelving scheme Damaged status Koha normalized classification for sorting Not for loan Location (home branch) Sublocation or collection (holding branch) Shelving location Date acquired Koha issues (times borrowed) Koha full call number Piece designation (barcode) Koha date last seen Price effective from Koha item type Public note
    Dewey Decimal Classification   HCCRS_ARF030   Archives Archives Archives 07/16/2015   HCCRS ARF:030 2950/2015 07/16/2015 07/16/2015 Un Reported Cases Judgement was entered on 6th November 1974
    Dewey Decimal Classification   HCCRS_ARF030   Archives Archives Archives 07/16/2015   HCCRS ARF:030 2951/2015 07/16/2015 07/16/2015 Un Reported Cases Judgement was entered on 6th November 1974